[Event "Stare Mesto op"]
[Site "Stare Mesto"]
[Date "2008.08.10"]
[Round "4"]
[White "Shanel, Jaroslav"]
[Black "Weber, Martin"]
[Result "1-0"]
[WhiteElo "2174"]
[BlackElo "2111"]
[PlyCount "71"]
[EventDate "2008.08.08"]
[EventType "swiss"]
[EventRounds "10"]
[EventCountry "CZE"]
[SourceTitle "CBM 125 Extra"]
[Source "ChessBase"]
[SourceDate "2008.09.01"]
[SourceVersion "1"]
[SourceVersionDate "2008.09.01"]
[SourceQuality "1"]

1. e4 e6 2. f4 d5 3. e5 c5 4. Nf3 Nc6 5. g3 Nh6 6. Bg2 Be7 7. 0-0 0-0 8. Nc3 b5 9. Nxb5 c4 10. Kh1 Qb6 11. Nc3 Ng4 12. Qe2 Ba6 13. Nd1 Rad8 14. c3 Nh6 15. Ne3 d4 16. Nxc4 d3 17. Qe4 Qc5 18. Ne3 Bb7 19. Qa4 a5 20. a3 Qb6 21. b3 Bc5 22. Nc4 Qc7 23. b4 axb4 24. cxb4 Ra8 25. Qb3 Bxb4 26. Rb1 Na5 27. Nxa5 Bd5 28. axb4 Bxb3 29. Rxb3 Rfd8 30. Bb2 Rac8 31. Nd4 Qb6 32. Ndc6 Rd7 33. Nc4 Qb5 34. Nd6 Rxd6 35. exd6 Rxc6 36. d7 1-0

[Event "Ruhrgebiet VK3 0304"]
[Site "Ruhrgebiet"]
[Date "2004.04.25"]
[Round "9.3"]
[White "Weber, Martin"]
[Black "Kalikhman, Grigorij"]
[Result "1/2-1/2"]
[WhiteElo "2046"]
[BlackElo "1985"]
[PlyCount "79"]
[EventDate "2003.09.28"]
[EventType "team"]
[EventRounds "9"]
[EventCountry "GER"]
[SourceTitle "EXT 2007"]
[Source "ChessBase"]
[SourceDate "2006.11.23"]
[SourceVersion "1"]
[SourceVersionDate "2006.11.23"]
[SourceQuality "1"]
[WhiteTeam "Haltern"]
[BlackTeam "Brackel II"]
[WhiteTeamCountry "GER"]
[BlackTeamCountry "GER"]

1. d4 Nf6 2. Nf3 g6 3. g3 Bg7 4. Bg2 0-0 5. 0-0 d5 6. Nbd2 c6 7. c3 Re8 8. Re1 Bf5 9. Nh4 Bd7 10. Nhf3 Bf5 11. Nh4 Bd7 12. e4 dxe4 13. Nxe4 Na6 14. Bg5 Nxe4 15. Bxe4 Nc7 16. a4 Be6 17. Ng2 Nd5 18. a5 a6 19. Qd2 Qd7 20. h4 Nf6 21. Bxf6 Bxf6 22. Nf4 Bf5 23. Bxf5 Qxf5 24. Qd3 Qd7 25. Qf3 Rad8 26. Nd3 Qc7 27. Re4 Bg7 28. Qe2 Rd5 29. b4 h5 30. Re1 Bf6 31. Nc5 Kg7 32. Kg2 Rd6 33. f4 Kf8 34. Qc4 Rd5 35. Qe2 Red8 36. Qc4 Rb8 37. Qe2 Rbd8 38. Qc4 Rb8 39. Qe2 Rbd8 40. Qc4 1/2-1/2

[Event "Ruhrgebiet VK3 0304"]
[Site "Ruhrgebiet"]
[Date "2004.02.29"]
[Round "7.4"]
[White "Weber, Martin"]
[Black "Hochstein, Udo"]
[Result "1/2-1/2"]
[WhiteElo "2046"]
[BlackElo "1969"]
[PlyCount "50"]
[EventDate "2003.09.28"]
[EventType "team"]
[EventRounds "9"]
[EventCountry "GER"]
[SourceTitle "EXT 2007"]
[Source "ChessBase"]
[SourceDate "2006.11.23"]
[SourceVersion "1"]
[SourceVersionDate "2006.11.23"]
[SourceQuality "1"]
[WhiteTeam "Haltern"]
[BlackTeam "Linden"]
[WhiteTeamCountry "GER"]
[BlackTeamCountry "GER"]

1. Nf3 Nf6 2. d4 e6 3. e3 b6 4. Bd3 Bb7 5. Nbd2 c5 6. 0-0 Be7 7. b3 Nc6 8. Bb2 0-0 9. c4 d6 10. Rc1 Re8 11. Bb1 Bf8 12. Qe2 g6 13. Rfd1 Qe7 14. Nf1 Rad8 15. Ng3 Bg7 16. dxc5 dxc5 17. Rxd8 Rxd8 18. Rd1 Rd7 19. Kf1 Qd8 20. Rxd7 Qxd7 21. Qd2 Qxd2 22. Nxd2 Ne8 23. Bxg7 Kxg7 24. Nge4 h6 25. h4 f5 1/2-1/2

[Event "Ruhrgebiet VK3 0304"]
[Site "Ruhrgebiet"]
[Date "2004.02.08"]
[Round "6.3"]
[White "Weber, Martin"]
[Black "Beil, Detlef"]
[Result "1/2-1/2"]
[WhiteElo "2046"]
[BlackElo "1816"]
[PlyCount "157"]
[EventDate "2003.09.28"]
[EventType "team"]
[EventRounds "9"]
[EventCountry "GER"]
[SourceTitle "EXT 2007"]
[Source "ChessBase"]
[SourceDate "2006.11.23"]
[SourceVersion "1"]
[SourceVersionDate "2006.11.23"]
[SourceQuality "1"]
[WhiteTeam "Haltern"]
[BlackTeam "Muelheim Heissen II"]
[WhiteTeamCountry "GER"]
[BlackTeamCountry "GER"]

1. d4 Nf6 2. Nf3 g6 3. g3 Bg7 4. Bg2 d5 5. 0-0 Bg4 6. Ne5 Qc8 7. Nxg4 Qxg4 8. c4 c6 9. cxd5 cxd5 10. Nc3 Qd7 11. Qb3 e6 12. Rd1 0-0 13. e4 dxe4 14. d5 exd5 15. Nxd5 Nxd5 16. Rxd5 Qe6 17. Qxb7 Nc6 18. Rc5 Rac8 19. Be3 Nd4 20. Rxc8 Rxc8 21. Bxe4 a5 22. Bd5 Qf5 23. Bxf7+ Kh8 24. Bd5 Rf8 25. Be4 Qg4 26. Qd5 Nf3+ 27. Bxf3 Qxf3 28. Qxf3 Rxf3 29. Rb1 Rf5 30. b4 Rb5 31. Bc5 axb4 32. Rxb4 Rxc5 33. Rb8+ Bf8 34. Rxf8+ Kg7 35. Ra8 Kf6 36. h4 Ke5 37. Ra7 h5 38. Kg2 Rc2 39. a4 Kf5 40. a5 Ra2 41. Ra8 Kf6 42. a6 Kg7 43. a7 Ra1 44. Kf3 Ra3+ 45. Kg2 Ra1 46. f3 Ra4 47. Kh3 Ra3 48. Kg2 Ra2+ 49. Kf1 Ra3 50. f4 Ra1+ 51. Kf2 Ra2+ 52. Ke3 Ra3+ 53. Ke4 Ra4+ 54. Kd5 Ra5+ 55. Ke6 Ra6+ 56. Ke7 Ra1 57. f5 gxf5 58. Kd6 Ra6+ 59. Ke5 Ra5+ 60. Kf4 Ra4+ 61. Kg5 Ra5 62. Re8 Rxa7 63. Re3 Ra5 64. Re7+ Kf8 65. Re3 Kg7 66. Re7+ Kf8 67. Rh7 Kg8 68. Rd7 Kf8 69. Kf4 Kg8 70. Re7 Kf8 71. Re5 Ra4+ 72. Kxf5 Rg4 73. Re3 Kf7 74. Rf3 Kg7 75. Ra3 Kf7 76. Ra7+ Kf8 77. Kf6 Kg8 78. Ra8+ Kh7 79. Ra7+ 1/2-1/2

[Event "Ruhrgebiet VK3 0304"]
[Site "Ruhrgebiet"]
[Date "2003.09.28"]
[Round "1.4"]
[White "Weber, Martin"]
[Black "Goschin, Andreas"]
[Result "0-1"]
[WhiteElo "2046"]
[BlackElo "2098"]
[PlyCount "82"]
[EventDate "2003.09.28"]
[EventType "team"]
[EventRounds "9"]
[EventCountry "GER"]
[SourceTitle "EXT 2007"]
[Source "ChessBase"]
[SourceDate "2006.11.23"]
[SourceVersion "1"]
[SourceVersionDate "2006.11.23"]
[SourceQuality "1"]
[WhiteTeam "Haltern"]
[BlackTeam "Laeufer Ost"]
[WhiteTeamCountry "GER"]
[BlackTeamCountry "GER"]

1. d4 d5 2. Nf3 Nf6 3. Bf4 e6 4. e3 c5 5. c3 Nc6 6. Nbd2 Bd6 7. Bg3 0-0 8. Bd3 Re8 9. Ne5 Bxe5 10. dxe5 Nd7 11. f4 c4 12. Bc2 Qb6 13. Rb1 Qxe3+ 14. Qe2 Qxe2+ 15. Kxe2 b5 16. Nf3 Bb7 17. Rbd1 a5 18. Rhf1 b4 19. Be1 Nc5 20. Nd4 b3 21. Bb1 bxa2 22. Bxa2 Nd3 23. Nb5 Reb8 24. Bb1 Nxb2 25. Rd2 Ba6 26. Nc7 Ra7 27. Nxa6 Rxa6 28. Bf2 a4 29. Bc2 Rb5 30. Ra1 a3 31. Ra2 Kf8 32. g3 g6 33. g4 Kg7 34. g5 Ne7 35. Kf3 Nf5 36. h4 h5 37. gxh6+ Kxh6 38. Kg4 Nd3 39. Bxd3 cxd3 40. Rxd3 Rb2 41. Rd2 Rxd2 0-1